|
|
|
|
| LEADER |
00000nam0a2200000 4500 |
| 001 |
373187 |
| 005 |
20231102012537.0 |
| 035 |
|
|
|a (RuTPU)RU\TPU\retro\30614
|
| 035 |
|
|
|a RU\TPU\book\245769
|
| 090 |
|
|
|a 373187
|
| 100 |
|
|
|a 20221215d1988 k y0rusy50 ca
|
| 101 |
0 |
|
|a rus
|
| 102 |
|
|
|a RU
|
| 105 |
|
|
|a a z 001zy
|
| 200 |
1 |
|
|a Механика и процессы управления
|e сборник научных трудов
|f Ленинградский политехнический институт им. М. И. Калинина (ЛПИ); под ред. Ю. С. Васильева
|
| 210 |
|
|
|a Ленинград
|c Изд-во ЛПИ
|d 1988
|
| 215 |
|
|
|a 135 с.
|c ил.
|
| 225 |
1 |
|
|a Труды Ленинградского политехнического института им. М. И. Калинина (ЛПИ)
|v № 425
|
| 320 |
|
|
|a Библиография в конце статей
|
| 606 |
1 |
|
|a Механика
|2 stltpush
|3 (RuTPU)RU\TPU\subj\67812
|9 83462
|
| 606 |
1 |
|
|a Автоматические системы управления
|2 stltpush
|3 (RuTPU)RU\TPU\subj\813
|9 29619
|
| 610 |
1 |
|
|a управление
|
| 610 |
1 |
|
|a механика сплошных сред
|
| 610 |
1 |
|
|a исследование
|
| 610 |
1 |
|
|a расчет
|
| 610 |
1 |
|
|a композиционные материалы
|
| 610 |
1 |
|
|a задачи
|
| 675 |
|
|
|a 531
|v 3
|
| 675 |
|
|
|a 681.51
|v 3
|
| 702 |
|
1 |
|a Васильев
|b Ю. С.
|4 340
|
| 712 |
0 |
2 |
|a Ленинградский политехнический институт им. М. И. Калинина (ЛПИ)
|c (1924-1930, 1940-1990)
|2 stltpush
|3 (RuTPU)RU\TPU\col\2601
|
| 801 |
|
1 |
|a RU
|b 63413507
|c 20121110
|
| 801 |
|
2 |
|a RU
|b 63413507
|c 20221215
|g RCR
|
| 942 |
|
|
|c BK
|